| Tag |
First Indicator |
Second Indicator |
Subfields |
| LEADER |
00000pam a2200000 a 4500 |
| 001 |
in00000070055 |
| 005 |
20151008061552.0 |
| 008 |
810430r19811928nyu b 00010 eng |
| 010 |
|
|
|a 78064002
|
| 020 |
|
|
|a 0404170757
|
| 035 |
|
|
|a (OCoLC)07552449
|
| 035 |
|
|
|9 AAJ8343AM
|
| 039 |
0 |
|
|a 2
|b 3
|c 3
|d 3
|e 3
|
| 040 |
|
|
|a DLC
|c DLC
|d TXA
|d UtOrBLW
|
| 049 |
|
|
|a TXAM
|c [1443093]
|
| 050 |
0 |
0 |
|a PR6001.L4
|b A17 1981
|
| 082 |
0 |
|
|a 821/.912
|2 19
|
| 100 |
1 |
|
|a Aldington, Richard,
|d 1892-1962.
|
| 240 |
1 |
0 |
|a Poems
|
| 245 |
1 |
0 |
|a Collected poems /
|c Richard Aldington.
|
| 264 |
|
1 |
|a New York :
|b AMS Press,
|c [1981?]
|
| 300 |
|
|
|a xii, 234 pages ;
|c 23 cm.
|
| 336 |
|
|
|a text
|b txt
|2 rdacontent
|
| 337 |
|
|
|a unmediated
|b n
|2 rdamedia
|
| 338 |
|
|
|a volume
|b nc
|2 rdacarrier
|
| 500 |
|
|
|a Reprint. Originally published: New York : Covici, Friede, 1928.
|
| 504 |
|
|
|a Bibliography: pages [xiii]
|
| 999 |
|
|
|a MARS
|
| 999 |
f |
f |
|s d435566e-9ff2-3669-a2c2-25269bcd8427
|i 4ddca69a-853b-39ef-93b5-a9f317c0c411
|t 0
|
| 952 |
f |
f |
|p ric
|a Texas A&M University
|b Rellis Campus
|c Joint Library Facility
|d Remote Storage
|t 0
|e PR6001.L4 A17 1981
|h Library of Congress classification
|i unmediated -- volume
|m A14806186267
|
| 998 |
f |
f |
|a PR6001.L4 A17 1981
|t 0
|l Remote Storage
|